Loi pour l'encouragement du capital etranger et autres reglementations relatives (Record no. 6768)

000 -LEADER
fixed length control field 00950nmm a2200253 a 4500
001 - CONTROL NUMBER
control field ocm000701718
003 - CONTROL NUMBER IDENTIFIER
control field TR-IsHL
005 - DATE AND TIME OF LATEST TRANSACTION
control field 20201028135503.0
008 - FIXED-LENGTH DATA ELEMENTS--GENERAL INFORMATION
fixed length control field 131209s1976 tu fre
007 - PHYSICAL DESCRIPTION FIXED FIELD--GENERAL INFORMATION
fixed length control field cr cn
035 ## - SYSTEM CONTROL NUMBER
System control number 701718
-- (N$T)
050 04 - LIBRARY OF CONGRESS CALL NUMBER
Classification number KKX1040
Item number .L65 1976
090 04 - LOCALLY ASSIGNED LC-TYPE CALL NUMBER (OCLC); LOCAL CALL NUMBER (RLIN)
Classification number (OCLC) (R) ; Classification number, CALL (RLIN) (NR) KKX1040
Local cutter number (OCLC) ; Book number/undivided call number, CALL (RLIN) .L65 1976
245 10 - TITLE STATEMENT
Title Loi pour l'encouragement du capital etranger et autres reglementations relatives
Medium [electronic resource] /
Statement of responsibility, etc. İstanbul Ticaret Odası
260 ## - PUBLICATION, DISTRIBUTION, ETC.
Place of publication, distribution, etc. İstanbul :
Name of publisher, distributor, etc. İstanbul Ticaret Odası,
Date of publication, distribution, etc. 1976
300 ## - PHYSICAL DESCRIPTION
Extent 29 p.
650 #4 - SUBJECT ADDED ENTRY--TOPICAL TERM
Topical term or geographic name entry element Ekonomi ve Finans
650 #4 - SUBJECT ADDED ENTRY--TOPICAL TERM
Topical term or geographic name entry element Economics and Finance
650 #0 - SUBJECT ADDED ENTRY--TOPICAL TERM
Topical term or geographic name entry element Yabancı sermayeli şirketler
General subdivision Türkiye
-- Mevzuat
650 #0 - SUBJECT ADDED ENTRY--TOPICAL TERM
Topical term or geographic name entry element Foreign-owned companies
General subdivision Turkey
-- Legislation
650 #7 - SUBJECT ADDED ENTRY--TOPICAL TERM
Topical term or geographic name entry element BUSINESS & ECONOMICS / Small Business
Source of heading or term bisacsh
700 1# - ADDED ENTRY--PERSONAL NAME
Personal name İstanbul Ticaret Odası
856 40 - ELECTRONIC LOCATION AND ACCESS
Uniform Resource Identifier <a href="http://search.ebscohost.com/login.aspx?direct=true&scope=site&db=e011xww&AN=701718">http://search.ebscohost.com/login.aspx?direct=true&scope=site&db=e011xww&AN=701718</a>
Holdings
Withdrawn status Lost status Source of classification or shelving scheme Damaged status Not for loan Collection code Permanent Location Current Location Date acquired Total Checkouts Full call number Barcode Date last seen Price effective from Koha item type
        Online   Kıbrıs Amerikan Üniversitesi Kütüphanesi / American University of Cyprus Kıbrıs Amerikan Üniversitesi Kütüphanesi / American University of Cyprus 28.10.2020   KKX1040 .L65 1976 701718 28.10.2020 28.10.2020 E-Kitap
Devinim Yazılım Eğitim Danışmanlık tarafından Koha'nın orjinal sürümü uyarlanarak geliştirilip kurulmuştur.